Formula one drivers line-up 2014 - Statistics

General Stats
  • This quiz has been taken 136 times
  • The average score is 21 of 25
Answer Stats
Constructor Rounds Driver Nationality % Correct
Mercedes All Lewis Hamilton UK
92%
Ferrari All Fernando Alonso Spain
91%
Ferrari All Kimi Räikkönen Finland
91%
Mercedes All Nico Rosberg Germany
91%
Red Bull All Sebastian Vettel Germany
91%
Red Bull All Daniel Ricciardo Australia
88%
McLaren All Kevin Magnussen Denmark
88%
Caterham 1-16 Marcus Ericsson Sweden
88%
Lotus All Pastor Maldonado Venezuela
88%
Force India All Sergio Pérez Mexico
88%
Toro Rosso All Daniil Kvyat Russia
87%
Williams All Felipe Massa Brazil
87%
Force India All Nico Hülkenberg Germany
87%
McLaren All Jenson Button UK
86%
Lotus All Romain Grosjean France
85%
Williams All Valtteri Bottas Finland
85%
Caterham 1-11, 13-16, 19 Kamui Kobayashi Japan
82%
Sauber All Esteban Gutiérrez Mexico
80%
Toro Rosso All Jean-Éric Vergne France
78%
Marussia 1-15 Jules Bianchi France
78%
Sauber All Adrian Sutil Germany
75%
Marussia 1-16 Max Chilton UK
71%
Marussia 12, 16* Alexander Rossi USA
68%
Caterham 19 Will Stevens UK
68%
Caterham 12 André Lotterer Germany
65%
No matching quizzes found
Score Distribution
Percent of People with Each Score
Percentile by Number Answered
Your Score History
You have not taken this quiz